आणि पानिपत (Record no. 1082283)

MARC details
000 -LEADER
fixed length control field 00603nam a2200205Ia 4500
008 - FIXED-LENGTH DATA ELEMENTS--GENERAL INFORMATION
fixed length control field 151119s9999||||xx |||||||||||||| ||und||
082 ## - DEWEY DECIMAL CLASSIFICATION NUMBER
Classification number 301.450954
082 ## - DEWEY DECIMAL CLASSIFICATION NUMBER
Item number GKKV29939
100 ## - MAIN ENTRY--PERSONAL NAME
Personal name सोनवणी संजय
245 ## - TITLE STATEMENT
Title आणि पानिपत
260 ## - PUBLICATION, DISTRIBUTION, ETC. (IMPRINT)
Place of publication, distribution, etc पुणे
260 ## - PUBLICATION, DISTRIBUTION, ETC. (IMPRINT)
Name of publisher, distributor, etc प्राजक्ता प्रकाशन
260 ## - PUBLICATION, DISTRIBUTION, ETC. (IMPRINT)
Date of publication, distribution, etc 2010
300 ## - PHYSICAL DESCRIPTION
Extent 472p.
600 ## - SUBJECT ADDED ENTRY--PERSONAL NAME
Personal name सोनवणी संजय
630 ## - SUBJECT ADDED ENTRY--UNIFORM TITLE
Uniform title आणि पानिपत
700 ## - ADDED ENTRY--PERSONAL NAME
Personal name सोनवणी संजय
730 ## - ADDED ENTRY--UNIFORM TITLE
Uniform title आणि पानिपत
942 ## - ADDED ENTRY ELEMENTS (KOHA)
Koha item type Book
Holdings
Withdrawn status Lost status Damaged status Not for loan Home library Current library Date acquired Cost, normal purchase price Total Checkouts Full call number Barcode Date last seen Cost, replacement price Price effective from Koha item type
        G.K. Khandekar Vachanalaya, Mulund G.K. Khandekar Vachanalaya, Mulund 03/14/2010 0.00   GKKV29939 GKKV29939 11/19/2015 0.00 11/19/2015 Book